Central Library OPAC University of Rajshahi

Sedimentary environments and facies / (Record no. 38479)

MARC details
000 -LEADER
fixed length control field 00810nam a2200265 a 4500
001 - CONTROL NUMBER
control field 38479
003 - CONTROL NUMBER IDENTIFIER
rucl marc code BD-RjUL
005 - DATE AND TIME OF LATEST TRANSACTION
control field 20211209052815.0
008 - FIXED-LENGTH DATA ELEMENTS--GENERAL INFORMATION
fixed length control field 151215s1986 enkabd b 001 0 eng d
020 ## - INTERNATIONAL STANDARD BOOK NUMBER
International Standard Book Number 0632012234 (pbk.)
International Standard Book Number 0632015721 (hbk.)
035 ## - SYSTEM CONTROL NUMBER
System control number CURL 990632015721(Bnb) from jalc010
040 ## - CATALOGING SOURCE
Original cataloging agency BD-RjUL
Language of cataloging eng
Transcribing agency BD-RjUL
041 ## - LANGUAGE CODE
Language code of text/sound track or separate title eng
082 ## - DEWEY DECIMAL CLASSIFICATION NUMBER
Classification number 551.304
Edition number 19
Author mark and year SED 1986
245 00 - TITLE STATEMENT
Title Sedimentary environments and facies /
Statement of responsibility, etc. edited by H.G. Reading.
250 ## - EDITION STATEMENT
Edition statement 2nd ed.
260 ## - PUBLICATION, DISTRIBUTION, ETC. (IMPRINT)
Place of publication, distribution, etc. Oxford :
Name of publisher, distributor, etc. Blackwell Scientific,
Date of publication, distribution, etc. 1986.
300 ## - PHYSICAL DESCRIPTION
Pagination xi, 615 p. :
Illustrations ill., charts, maps ;
Size 25 cm.
504 ## - BIBLIOGRAPHY, ETC. NOTE
Bibliography, etc Bibliography: p. 525-591. - Includes index.
650 #0 - SUBJECT ADDED ENTRY--TOPICAL TERM
Topical term or geographic name as entry element Sedimentation and deposition.
9 (RLIN) 118816
700 1# - ADDED ENTRY--PERSONAL NAME
Personal name Reading, H. G.
942 ## - ADDED ENTRY ELEMENTS (KOHA)
Source of classification or shelving scheme Dewey Decimal Classification
Koha item type Books
Holdings
Lost status Source of classification or shelving scheme Damaged status Not for loan Collection code Permanent Location Current Location Shelving location Date acquired Source of acquisition Cost, normal purchase price Total Checkouts Full call number Date last seen Date checked out Copy number Koha item type Total Renewals
  Dewey Decimal Classification     Non-fiction Central Library, University of Rajshahi Central Library, University of Rajshahi   02/08/1988 Manik Bro. 21.00 3 551.304 SED 1986 28/01/2017 20/11/2016 C-2 Books  
  Dewey Decimal Classification     Non-fiction Central Library, University of Rajshahi Central Library, University of Rajshahi   02/08/1988 Manik Bro. 21.00 2 551.304 SED 1986 08/06/2022 05/06/2022 C-3 Books